|
|
|
|
| LEADER |
00921cam a2200229 a 4500 |
| 001 |
0000062744 |
| 005 |
20040308090000.0 |
| 040 |
|
|
|a mod
|
| 041 |
|
|
|a eng
|
| 020 |
0 |
0 |
|a 9679425487
|
| 090 |
0 |
0 |
|a 303.550959
|b SOU
|e 2001
|
| 245 |
1 |
0 |
|a Southeast Asian middle classes
|b prospects for social change democratisation
|c edited by Abdul Rahman Embong
|
| 260 |
0 |
0 |
|a Bangi
|b Universiti Kebangsaan Malaysia
|c 2001
|
| 300 |
0 |
0 |
|a 302p.
|c 23cm
|
| 650 |
0 |
0 |
|a Middle class
|z Asia
|z Southeastern
|
| 650 |
0 |
0 |
|a Social classes
|z Asia, Southeastern
|
| 700 |
1 |
1 |
|a Abdul Rahman Embong
|
| 852 |
0 |
0 |
|a 01
|
| 999 |
|
|
|a 0186039
|b PULPAK
|d BOOKS
|e Umum
|f PULPAK
|j AVAILABLE
|q GOOD CONDITION
|
| 999 |
|
|
|a 0205470
|b KD Malaya
|d BOOKS
|e Umum
|f KD MALAYA
|j AVAILABLE
|q GOOD CONDITION
|
| 999 |
|
|
|a 0208280
|b KEMENTAH
|d BOOKS
|e Umum
|f Perpustakaan KEMENTAH
|j AVAILABLE
|q GOOD CONDITION
|
| 999 |
|
|
|a 1000007938
|b Maktab Pertahanan Angkatan Tentera
|d BOOKS
|e Umum
|f MPAT
|j AVAILABLE
|q GOOD CONDITION
|